Sports Quiz

Random Sports or Basketball Quiz

NBA Old School Jerseys Quiz Stats

 Plays Quiz Updated Apr 5, 2018

Support Sporcle.
Go Orange.
Score 0/15 Timer 04:00
4 Plays Today
# Player % Correct
1Dominique Wilkins
86.9%
4Isiah Thomas
86.9%
2Shawn Kemp
77.9%
7Chris Webber
68.9%
10Bill Russell
68.3%
3Jerry West
67.7%
15Charles Barkley
60.8%
13Muggsy Bogues
40.6%
# Player % Correct
9Alex English
39.1%
5Bernard King
28.6%
11Bob Love
27.8%
12Drazen Petrovic
26.2%
6Shareef Abdur-Rahim
23.6%
8Adrian Dantley
14.9%
14Calvin Murphy
9.3%

You're not logged in!

Compare scores with friends on all Sporcle quizzes.
OR
Log In

From the Vault

Poké Ball by Picture

by Ellix

Gotta Sporcle 'em all!
Remove Ads.
Support Sporcle.
Get the best of Sporcle when you Go Orange. This ad-free experience offers more features, more stats, and more fun while also helping to support Sporcle. Thank you for becoming a member.

Show Comments

Extras

Top Quizzes Today


Score Distribution

Your Account Isn't Verified!

In order to create a playlist on Sporcle, you need to verify the email address you used during registration. Go to your Sporcle Settings to finish the process.

Report this User

Report this user for behavior that violates our Community Guidelines.

Details: